000 00324nam a22001337a 4500
008 171006b xxu||||| |||| 00| 0 eng d
020 _a9781412918046
041 _aeng
080 _a159.9
100 _a159.9
101 _aPSI
245 _aCASES GENDER AND DIVERSITY IN ORGANIZATIONS
_cKONRAD,A,M
942 _2udc
_cBK
999 _c32421
_d32421